al-Takhṭīṭ al-taʻlīmī, (Record no. 49000)

MARC details
000 -LEADER
fixed length control field 00709cam a22002051 4500
001 - CONTROL NUMBER
control field ne 66001264
003 - CONTROL NUMBER IDENTIFIER
control field DLC
005 - DATE AND TIME OF LATEST TRANSACTION
control field 20260227111824.0
008 - FIXED-LENGTH DATA ELEMENTS--GENERAL INFORMATION
fixed length control field 840127s1965 ua 000 0 arar
010 ## - LIBRARY OF CONGRESS CONTROL NUMBER
LC control number ne 66001264
035 ## - SYSTEM CONTROL NUMBER
System control number (OCoLC)10345675
040 ## - CATALOGING SOURCE
Original cataloging agency DLC
Transcribing agency TxU
Modifying agency TxU
-- DLC
050 00 - LIBRARY OF CONGRESS CALL NUMBER
Classification number LC2605
Item number .F3
100 1# - MAIN ENTRY--PERSONAL NAME
Personal name Fahmī, Muḥammad Sayf al-Dīn.
245 13 - TITLE STATEMENT
Title al-Takhṭīṭ al-taʻlīmī,
Remainder of title ususuhu wa-asālībuhu wa-mushkilātuhu.
Statement of responsibility, etc. taʼlīf Muḥammad Sayf al-Dīn Fahmī. Rājaʻahu Mukhtār Ḥamzah.
260 ## - PUBLICATION, DISTRIBUTION, ETC.
Place of publication, distribution, etc. al-Qāhirah,
Name of publisher, distributor, etc. Maktabat al-Anjulū al-Miṣrīyah,
Date of publication, distribution, etc. 1965.
300 ## - PHYSICAL DESCRIPTION
Extent 227 p.
Dimensions 24 cm.
504 ## - BIBLIOGRAPHY, ETC. NOTE
Bibliography, etc. note Bibliography: p. [218]-227.
650 #0 - SUBJECT ADDED ENTRY--TOPICAL TERM
Topical term or geographic name entry element Education
Geographic subdivision Developing countries.

No items available.

Powered by Koha